000 00740nam a22002417a 4500
001 BR9602617
003 BR-BrBNA
005 20230928095004.0
007 ta
008 230509b bl.||||| |||| 00| 0 por d
040 _aBR-BrBNA
_bpor
_cBiblioteca Nacional de Agricultura
041 _a(Por)
072 _aL01; E14
_b7110
090 _ 7110 BR9602617
110 1 _aAssociacao de Assistencia Tecnica e Extensao Rural do Estado do Amapa, Macapa (Brasil)
_9406
245 1 _aProjeto de implantacao e operacionalizacao do Centro Didatico apicultura
260 3 _aMacapa, AP (Brasil):
_c1990.
300 _a14 p.
650 _aApicultura
650 _aProjeto de Desenvolvimento
909 _a202309
_bLucia
_c55
_dLucia Elande
942 _cBK
999 _c53849
_d53849